000 00606nam a22001817a 4500
003 UA-OsUOA
001 8511
007 ta
008 20040831b un ||||| |||| 00| 0 ukr d
100 _aГнатенко В.
942 _cSA
040 _aUA-OsUOA
_cUA-OsUOA
_dUA-OsUOA
245 _aІсторія не мовчить : [ До 170-річчя В. Н. Вовка-Карачевського ]
_cВ. Гнатенко; А. Содомора
300 _aС.7
955 _a0
773 0 _w0
_tЛітературна Украіна
_dКиїв
_d2004
_g№32
650 7 _aВовк-Карачевський В.
_2UDC
999 _c294672
_d294672